| 000 | 03110cam a22004335i 4500 | ||
|---|---|---|---|
| 999 |
_c28263 _d28234 |
||
| 001 | 17562210 | ||
| 003 | EG-ScBUE | ||
| 005 | 20200308104213.0 | ||
| 008 | 121213s2012 ua abe f b 001 0 eng d | ||
| 020 | _a9789774165535 (pbk.) | ||
| 020 | _a9774165535 | ||
| 035 | _a(OCoLC)ocn795130064 | ||
| 040 |
_aWRM _beng _erda _cWRM _dWRM _dYDXCP _dBDX _dCDX _dDLC _dEG-ScBUE |
||
| 043 | _af-ua--- | ||
| 082 | 0 | 4 |
_a916.216 _bSIM _222 |
| 100 | 1 |
_aSims, David, _4author. _96467 |
|
| 245 | 1 | 0 |
_aUnderstanding Cairo : _bthe logic of a city out of control / _cDavid Sims ; with a foreword by Janet Abu-Lughod. |
| 250 | _aFirst paperback edition. | ||
| 264 | 1 |
_aCairo ; _aNew York : _bThe American University in Cairo Press, _c2012. |
|
| 300 |
_axxiii, 360 pages : _billustrations, maps, plans ; _c23 cm |
||
| 336 |
_atext _btxt _2rdacontent |
||
| 337 |
_aunmediated _bn _2rdamedia |
||
| 338 |
_avolume _bnc _2rdacarrier |
||
| 500 | _a"With a new Postscript: Revolutionary Cairo one year on"-- Cover. | ||
| 504 | _aIncludes bibliographical references and index. | ||
| 505 | 0 | _aImaging Cairo -- Cairo is Egypt and Egypt is Cairo -- A history of modern Cairo : three cities in one -- Informal Cairo triumphant -- Housing real and speculative -- The desert city today -- Working in the city -- City on the move : a complementary informality? -- Governing Cairo -- Summing up : serendipity? -- Postscript: revolutionary Cairo one year on. | |
| 520 | _aTrying to make sense of the urban giant that is Cairo. "This book moves beyond superficial generalizations about Cairo as a chaotic metropolis in the developing world into an analysis of the ways the city's eighteen million inhabitants have, in the face of a largely neglectful government, built and shaped their own city. Using a wealth of recent studies on Greater Cairo and a deep reading of informal urban processes, the city and its recent history are portrayed and mapped: the huge, spontaneous neighborhoods; housing; traffic and transport; city government; and its people and their enterprises. The book argues that understanding a city such as Cairo is not a daunting task as long as pre-conceived notions are discarded and care is taken to apprehend available information and to assess it with a critical eye. In the case of Cairo, this approach leads to a conclusion that the city can be considered a kind of success story, in spite of everything" -- Cover. | ||
| 650 | 7 |
_aUrbanization _zEgypt _zCairo. _2BUEsh |
|
| 650 | 7 |
_aSociology, Urban _zEgypt _zCairo. _2BUEsh |
|
| 650 | 7 |
_aCity planning _zEgypt _zCairo. _2BUEsh |
|
| 651 | 7 |
_aCairo (Egypt) _xDescription and travel. _2BUEsh |
|
| 653 |
_bBUSBOL _bGGEN _cMarch2020 |
||
| 655 |
_vReading book _934232 |
||
| 700 | 1 |
_aAbu-Lughod, Janet L., _eauthor of introduction, etc. |
|
| 856 | 4 | 1 |
_3Table of contents only _uhttp://www.loc.gov/catdir/enhancements/fy1407/2012288479-t.html |
| 856 | 4 | 2 |
_3Publisher description _uhttp://www.loc.gov/catdir/enhancements/fy1407/2012288479-d.html |
| 856 | 4 | 2 |
_3Contributor biographical information _uhttp://www.loc.gov/catdir/enhancements/fy1407/2012288479-b.html |
| 942 |
_2ddc _cBB |
||